Best Countries in order - Statistics

General Stats
  • This quiz has been taken 37 times
  • The average score is 14 of 15
Answer Stats
Picture Answer % Correct
Canada
100%
Brazil
97%
China
97%
France
97%
Japan
97%
UK
97%
USA
97%
Germany
93%
India
93%
Russia
90%
Spain
90%
Poland
83%
Philippines
79%
Portugal
79%
Indonesia
72%
No matching quizzes found
Score Distribution
Percent of People with Each Score
Percentile by Number Answered
Your Score History
You have not taken this quiz